000 00912cam a2200289 a 4500
001 76465
003 BD-RjUL
005 20211209082840.0
008 791012s1951 nyuab 000 0 eng d
035 _a(BD-RjUL)76686
040 _aWASKC
_beng
_cWASKC
041 _aeng
043 _an-us---
082 0 4 _a728.8.0973
_223
_bPIH 1951
100 1 _aPickering, Ernest,
_d1893-
_9236200
245 1 4 _aThe homes of America,
_bas they have expressed the lives of our people for three centuries.
260 _aNew York:
_bThomas Y. Crowell,
_c[1951]
300 _a284 p. :
_billus., map. ;
_c24 cm.
490 1 _aGrowth of America series
650 0 _aArchitecture, Domestic
_zUnited States.
_9236201
650 0 _aHistoric buildings
_zUnited States.
_9236202
830 0 _aGrowth of America series.
_9236205
942 _2ddc
_cBK
999 _c76465
_d76465